| 000 | 00650nam a2200169 a 4500 | ||
|---|---|---|---|
| 005 | 20140412111239.0 | ||
| 008 | 010430s19uu xx 00 eng d | ||
| 020 | _a0-8050-2390-9 | ||
| 050 |
_aM 796.357 _bB57 1993 |
||
| 100 | _aBlackstone, Margaret | ||
| 245 |
_aThis is a baseball / _cby Margaret Blackstone ; pictures by John O'Brien. |
||
| 260 |
_aNew York : _bHenry Holt and Company, _c1993. |
||
| 300 | _a1 v. (unp.) ; ill. | ||
| 520 | _aA simple introduction to the game of baseball, covering its equipment, players, and basic plays. The illustrations show a game in progress. | ||
| 650 |
_aBaseball _xJuvenile literature |
||
| 999 |
_c102613 _d102613 |
||